Central Library OPAC University of Rajshahi

বঙ্গবন্ধুর গল্প শোনো / (Record no. 79574)

MARC details
000 -LEADER
fixed length control field 00936nam a2200253 a 4500
001 - CONTROL NUMBER
control field 79574
003 - CONTROL NUMBER IDENTIFIER
rucl marc code BD-RjUL
005 - DATE AND TIME OF LATEST TRANSACTION
control field 20220320103940.0
008 - FIXED-LENGTH DATA ELEMENTS--GENERAL INFORMATION
fixed length control field 220320s2020 bg ||||| |||| 00| 0 ben d
020 ## - INTERNATIONAL STANDARD BOOK NUMBER
International Standard Book Number 9789844582163
Terms of availability :Tk. 260.00
035 ## - SYSTEM CONTROL NUMBER
System control number (BD-RjUL)79574
040 ## - CATALOGING SOURCE
Original cataloging agency BD-RjUL
Language of cataloging eng
Transcribing agency BD-RjUL
041 ## - LANGUAGE CODE
Language code of text/sound track or separate title eng
082 ## - DEWEY DECIMAL CLASSIFICATION NUMBER
Edition number 23
Classification number 954.9205092
Author mark and year HOB 2020
100 ## - MAIN ENTRY--PERSONAL NAME
Personal name হক, আনিসুল
9 (RLIN) 1904
245 ## - TITLE STATEMENT
Title বঙ্গবন্ধুর গল্প শোনো /
Statement of responsibility, etc. আনিসুল হক
260 ## - PUBLICATION, DISTRIBUTION, ETC. (IMPRINT)
Place of publication, distribution, etc. ঢাকা :
Name of publisher, distributor, etc. সময় প্রকাশন,
Date of publication, distribution, etc. ২০২০
300 ## - PHYSICAL DESCRIPTION
Pagination ১২৮ পৃ.:
Illustrations চিত্রসমূহ;
Size ২২ সেমি.
600 ## - SUBJECT ADDED ENTRY--PERSONAL NAME
Personal name মুজিবুর রহমান,
Titles and other words associated with a name শেখ,
Dates associated with a name ১৯২০-১৯৭৫
Personal name Mujibur Rahman,
Titles and other words associated with a name Sheikh,
Dates associated with a name 1920-1975
650 ## - SUBJECT ADDED ENTRY--TOPICAL TERM
Topical term or geographic name as entry element বাংলা গল্প
9 (RLIN) 1905
Topical term or geographic name as entry element Bengali story
9 (RLIN) 1906
942 ## - ADDED ENTRY ELEMENTS (KOHA)
Source of classification or shelving scheme Dewey Decimal Classification
Koha item type Books
Holdings
Lost status Source of classification or shelving scheme Damaged status Not for loan Permanent Location Current Location Shelving location Date acquired Source of acquisition Cost, normal purchase price Total Checkouts Full call number Date last seen Copy number Koha item type Collection code
  Dewey Decimal Classification   Not For Loan Central Library, University of Rajshahi Central Library, University of Rajshahi Bangabandhu Corner Section 21/11/2021 Rajshahi, Biddyasagar 195.00   B 954.9205092 HOB 2020 20/03/2022 C-1 Books  
  Dewey Decimal Classification     Central Library, University of Rajshahi Central Library, University of Rajshahi General Stacks 21/11/2021 Rajshahi, Biddyasagar 195.00   B 954.9205092 HOB 2020 22/03/2022 C-2 Books Non-fiction